000 00580nam a22001697a 4500
005 20120522150950.0
020 _a819009971X
_c170.00
035 _aB-62341
037 _aDPL
_bENG
100 _aBhattacharyya, Dinesh Chandra
_947742
245 _aModern political constitutions /
_cby Dinesh Chandra Bhattacharyya
250 _a7th rev. and enl. ed.
260 _aCalcutta
_bVijoya Publishing House
_c2000
300 _av, 756p.
_c18 cms.
942 _2ddc
_cEN
_h342
_mBHA
999 _c67042
_d67042